Color Sequence Memory Game Quiz Stats

 Plays Quiz Updated Jun 20, 2018

Support Sporcle.
Go Orange.
Score 0/120 Timer 04:00
6 Plays Today
% Correct
???
54.9%
???
45.2%
???
36.9%
???
35.4%
???
33.6%
???
33.1%
???
31.5%
???
31%
???
29.9%
???
29.8%
???
29.1%
???
28.8%
???
28.7%
???
26.8%
???
26.6%
???
26.5%
???
26.4%
???
26.3%
???
26.1%
???
25.2%
???
24.9%
???
24.9%
???
24.1%
???
24.1%
???
24.1%
???
22.6%
???
22.5%
???
22%
???
21.2%
???
21%
???
20.5%
???
20.4%
???
20.3%
???
19.9%
???
19.7%
???
19.7%
???
19.6%
???
19.3%
???
18.6%
???
18.3%
% Correct
???
18.2%
???
18%
???
18%
???
17.9%
???
17.9%
???
17.7%
???
17.7%
???
17.7%
???
17.3%
???
16.4%
???
16.1%
???
15.8%
???
15.6%
???
14.9%
???
14.6%
???
14.4%
???
14.1%
???
14%
???
13.9%
???
13.7%
???
13.5%
???
12.5%
???
12.5%
???
12.2%
???
12%
???
11.8%
???
11.8%
???
11.6%
???
11.6%
???
11.5%
???
11.5%
???
11.5%
???
11.4%
???
11.4%
???
11.2%
???
11.2%
???
11.1%
???
11%
???
10.6%
???
10.6%
% Correct
???
10.5%
???
10.5%
???
10.5%
???
10.4%
???
10.3%
???
10.1%
???
10.1%
???
10%
???
9.6%
???
9.4%
???
9.4%
???
9.4%
???
9.4%
???
8.9%
???
8.7%
???
8.4%
???
7.9%
???
7.4%
???
7.2%
???
7.1%
???
6.9%
???
6.8%
???
6.8%
???
6.6%
???
6.4%
???
6.3%
???
6%
???
5.6%
???
5.5%
???
4.8%
???
4.7%
???
4.6%
???
4.3%
???
4%
???
4%
???
3.9%
???
3.9%
???
3.7%
???
3.5%
???
3.4%

You're not logged in!

Compare scores with friends on all Sporcle quizzes.
OR
Log In

From the Vault

Picture the 90s Song

by RobFitz

It would definitely help if you had a camera back then, we think.
Remove Ads.
Support Sporcle.
Get the best of Sporcle when you Go Orange. This ad-free experience offers more features, more stats, and more fun while also helping to support Sporcle. Thank you for becoming a member.

Show Comments

Extras

Top Quizzes Today


Score Distribution

Your Account Isn't Verified!

In order to create a playlist on Sporcle, you need to verify the email address you used during registration. Go to your Sporcle Settings to finish the process.

Report this User

Report this user for behavior that violates our Community Guidelines.

Details: